[Event "Londrina op"]
[Site "Londrina"]
[Date "2024.11.10"]
[Round "5"]
[White "Godoy, Pedro Augusto Salam"]
[Black "Ribeiro, Gabriel Henrique Pi"]
[Result "1-0"]
[WhiteElo "1760"]
[BlackElo "1806"]
[PlyCount "75"]
[EventDate "2024.11.08"]
[EventType "swiss"]
[EventRounds "6"]
[EventCountry "BRA"]
[SourceTitle "CB45_2024"]
[Source "ChessBase"]
[SourceDate "2024.11.06"]
[SourceVersion "1"]
[SourceVersionDate "2024.11.06"]
[SourceQuality "1"]

1. e4 c5 2. Nf3 Nc6 3. Bb5 Nf6 4. Nc3 d6 5. 0-0 Bg4 6. Re1 e6 7. d3 Be7 8. Bf4 0-0 9. Bxc6 bxc6 10. e5 Nd5 11. exd6 Nxf4 12. dxe7 Qxe7 13. Re4 Bxf3 14. Qxf3 Nd5 15. Rc4 Rab8 16. Na4 Rb4 17. Rd1 Rd8 18. a3 Rxc4 19. dxc4 Nb6 20. Nxb6 axb6 21. Rd3 h6 22. Qxc6 Rxd3 23. cxd3 Qg5 24. Qa8+ Kh7 25. Qe4+ Kg8 26. Qe3 Qf6 27. Qd2 Qd4 28. Kf1 Kf8 29. a4 Ke7 30. Qc3 Kd6 31. Qxd4+ cxd4 32. b4 g5 33. Ke2 f6 34. g4 e5 35. Kf3 Kc6 36. Ke4 Kd6 37. Kf5 Kc6 38. f3 1-0